Los Cabos Airport Destinations - Statistics

General Stats
  • This quiz has been taken 79 times
    54 since last reset
  • The average score is 39 of 47
Answer Stats
Hint Airlines Answer % Correct
North Carolina (United States) American Charlotte
100%
Texas (United States) American Austin
97%
Texas (United States) American, Spirit, Sun Country Dallas
97%
Georgia (United States) Delta, Volaris Atlanta
93%
Illinois (United States) American, United Chicago
93%
Colorado (United States) United, Southwest, Frontier Denver
93%
Michigan (United States) Delta Detroit
93%
Jalisco (Mexico) Volaris, VivaAerobus, Calafia Guadalajara
93%
Texas (United States) United, Spirit Houston (Bush)
93%
Texas (United States) Southwest Houston (Hobby)
93%
California (United States) American, Delta, United, Alaska, Spirit, JetBlue Los Angeles
93%
D.F. (Mexico) Aeromexico, Volaris, VivaAerobus, Magni Mexico City
93%
California (United States) United, Alaska San Francisco
93%
British Columbia (Canada) Air Canada, WestJet Vancouver
93%
Alberta (Canada) Air Canada, WestJet Calgary
90%
Alberta (Canada) WestJet Edmonton
90%
Minnesota (United States) Delta, Sun Country Minneapolis
90%
New Jersey (United States) United Newark
90%
New York (United States) American, Delta, JetBlue New York City (JFK)
90%
Arizona (United States) American, Southwest Phoenix
90%
California (United States) American, Southwest Sacramento
90%
California (United States) Southwest, Alaska San Diego
90%
Washington (United States) Delta, Alaska Seattle
90%
Ontario (Canada) Air Canada Toronto
90%
Nevada (United States) Frontier Las Vegas
86%
Oregon (United States) Alaska Portland
86%
California (United States) Alaska San Jose
86%
Ohio (United States) VivaAerobus Cincinnati
83%
Guanajuato (Mexico) Volaris Leon
83%
Nuevo Leon (Mexico) Volaris, VivaAerobus, Magni Monterrey
83%
Quebec (Canada) Sunwing Montreal
83%
California (United States) Southwest Orange County
83%
Utah (United States) Delta Salt Lake City
83%
Baja California (Mexico) Volaris, VivaAerobus, Calafia Tijuana
83%
British Columbia (Canada) WestJet Victoria
83%
United States United Washington (Dulles)
83%
California (United States) Southwest Oakland
79%
Saskatchewan (Canada) Sunwing Saskatoon
79%
Saskatchewan (Canada) Sunwing Regina
72%
Jalisco (Mexico) Magni Puerto Vallarta
69%
Sinaloa (Mexico) Volaris, VivaAerobus, Aero Pacifico Culiacan
62%
Sonora (Mexico) VivaAerobus Hermosillo
62%
Sinaloa (Mexico) Magni Mazatlan
55%
Mexico (Mexico) VivaAerobus Toluca
55%
British Columbia (Canada) WestJet Kelowna
52%
Baja California Sur (Mexico) Calafia Loreto
38%
Sinaloa (Mexico) Aero Pacifico Los Mochis
34%
No matching quizzes found
Score Distribution
Percent of People with Each Score
Percentile by Number Answered
Your Score History
You have not taken this quiz since the last reset